| 000 | 00897nam a22002297a 4500 | ||
|---|---|---|---|
| 001 | 46998 | ||
| 003 | BD-RjUL | ||
| 005 | 20211209054238.0 | ||
| 008 | 160806s2009 bg ||||| |||| 00| 0 ben d | ||
| 020 |
_a9840747711 _c: TK 240.00 |
||
| 035 | _a(BD-RjUL)47117 | ||
| 040 |
_aBD-RjUL _bben _cBD-RjUL |
||
| 041 | _aben | ||
| 082 |
_223 _a301.0954924 _bHAP 2009 |
||
| 100 |
_aহাবিবুল্লাহ, মো. _9143146 |
||
| 245 | 1 | 0 |
_aপাবনা জেলার সমাজ ও সংস্কৃতি ১৯০০-১৯৪৭ / _cমো. হাবিবুল্লাহ |
| 260 |
_aঢাকা : _bবাংলা একাডেমি, _c২০০৯ |
||
| 300 |
_a[১৮], ৪৭১ পৃ. : _bচিত্র ; _c২১ সেমি. |
||
| 650 |
_aসমাজ _zবাংলাদেশ _9139788 |
||
| 650 |
_aSociology _zBangladesh _9142689 |
||
| 942 |
_2ddc _cBK |
||
| 999 |
_c46998 _d46998 |
||